University Home | Library Home | Institutional Repository

Concept development in nursing: (Record no. 216177)

MARC details
000 -LEADER
fixed length control field 00778cas a2200253 4500
003 - CONTROL NUMBER IDENTIFIER
control field OSt
005 - DATE AND TIME OF LATEST TRANSACTION
control field 20260120133455.0
008 - FIXED-LENGTH DATA ELEMENTS--GENERAL INFORMATION
fixed length control field 120820n eng u
020 ## - INTERNATIONAL STANDARD BOOK NUMBER
International Standard Book Number 072168243X
020 ## - INTERNATIONAL STANDARD BOOK NUMBER
International Standard Book Number 9780721682433
035 ## - SYSTEM CONTROL NUMBER
System control number (Sirsi) a177187
040 ## - CATALOGING SOURCE
Transcribing agency UNZA
Description conventions RDA
050 ## - LIBRARY OF CONGRESS CALL NUMBER
Classification number RT 84.5
Item number CON 2000
245 ## - TITLE STATEMENT
Title Concept development in nursing:
Remainder of title foundations, techniques and applications/
Statement of responsibility, etc. edited by Beth L.Rodgers, Kathleen A. Knafl.
250 ## - EDITION STATEMENT
Edition statement 2nd ed.
260 ## - PUBLICATION, DISTRIBUTION, ETC.
Place of publication, distribution, etc. Philadelphia:
Name of publisher, distributor, etc. WB Saunders Company,
Date of publication, distribution, etc. 2000.
300 ## - PHYSICAL DESCRIPTION
Extent xiv,458p.
500 ## - GENERAL NOTE
General note Includes bibliographical references and index.
650 ## - SUBJECT ADDED ENTRY--TOPICAL TERM
Topical term or geographic name entry element Nursing - philososphy.
650 ## - SUBJECT ADDED ENTRY--TOPICAL TERM
Topical term or geographic name entry element Nursing.
700 ## - ADDED ENTRY--PERSONAL NAME
Personal name Rodgers, Beth .L.
700 ## - ADDED ENTRY--PERSONAL NAME
Personal name Knaff, Kathleen.A.
942 ## - ADDED ENTRY ELEMENTS (KOHA)
Source of classification or shelving scheme Library of Congress Classification
Koha item type Book
Holdings
Withdrawn status Lost status Source of classification or shelving scheme Damaged status Not for loan Collection code Home library Current library Shelving location Date acquired Total Checkouts Full call number Barcode Date last seen Copy number Cost, replacement price Price effective from Koha item type
    Library of Congress Classification     Non-fiction Nursing Sciences Nursing Sciences On Shelf 01/20/2026   RT 84.5 CON 2000 33729004878562 01/20/2026 1 300.00 01/20/2026 Book
    Library of Congress Classification     Non-fiction Nursing Sciences Nursing Sciences On Shelf 01/20/2026   RT 84.5 CON 2000 33729004878554 01/20/2026 2 300.00 01/20/2026 Book
© 2026 - The University of Zambia Library - Koha v25.11